| 000 | 02106nam0a2200373 4500 | ||
|---|---|---|---|
| 001 | RU\NLR\bibl\1458622 | ||
| 005 | 20260407213449.0 | ||
| 010 |
_a978-5-7410-0952-9 _9500 |
||
| 021 |
_aRU _b2009-91704 _95796 |
||
| 035 | _a(NLR Aleph) 001450402 | ||
| 090 |
_a1519451 _c1519451 |
||
| 100 | _a20100111d2009 |||y0rusy50 ca | ||
| 101 | 0 | _arus | |
| 102 | _aRU | ||
| 105 | _aa ||||||||| | ||
| 200 | 1 |
_aМеждународная научно-практическая конференция "Пищевая промышленность: состояние, проблемы, перспективы" _eматериалы конференции, 14-15 октября 2009 г. |
|
| 210 |
_aОренбург _cИПК ГОУ ОГУ _d2009 |
||
| 215 |
_a430 с. _cил. _d22 |
||
| 300 | _aВ надзаг.: М-во образования и науки Рос. Федерации, Федер. агентство по образованию, Правительство Оренбург. обл., Гос. образоват. учреждение высш. проф. образования "Оренбург. гос. ун-т" | ||
| 313 | _aв т.ч. пищ. производство | ||
| 320 | _aБиблиогр. в конце докл. | ||
| 320 | _aСписок авт.: с. 429-430 | ||
| 606 | 1 |
_aСельское хозяйство _jСъезды, совещания и т.п. _xЭкологически чистые технологии _92293888 _3RU\NLR\auth\661373652 |
|
| 606 | 1 |
_aПищевая промышленность _jСъезды, совещания и т.п. _92246075 _3RU\NLR\auth\661347481 |
|
| 686 | _aП028я431(0) | ||
| 686 | _aУ30(2)67я431 | ||
| 686 | _aЛ80я431(0) | ||
| 710 | 1 | 2 |
_4070 _a"Пищевая промышленность: состояние, проблемы, перспективы", международная научно-практическая конференция _f2009 _eОренбург _3RU\NLR\AUTH\8810142969 _9780549 |
| 801 | 0 |
_aRU _bNLR _c20100111 _gRCR |
|
| 801 | 1 |
_aRU _bNLR _c20100111 |
|
| 942 | _cBOOK | ||
| 980 | _aNB | ||
| 980 | _aNBR | ||